000 00779nam a2200229 a 4500
001 77559
003 BD-RjUL
005 20211209083003.0
008 201123s2019 bg ||||| |||| 00| j b d
020 _a978-984-93798-5-0
035 _a(BD-RjUL)77785
040 _aBD-RjUL
_bben
_cBD-RjUL
_dBD-RjUL
041 _aben
082 _223
_a891.443
_bAMA 2019
100 _4আমজাদ, হাসনাত
245 1 0 _aএকটা লিচু ও অন্যান্য গল্প /
_cহাসনাত আমজাদ
260 _aঢাকা :
_bবটেশ্বর বণন,
_c২০১৯
300 _a৪০পৃ. :
_bচিত্র ;
_c২৪ সেমি.
650 _aছোট গল্প
_9242089
650 _aShort story
_9242093
942 _2ddc
_cBK
999 _c77559
_d77559